[Event "EU-ch U16"]
[Site "Bratislava"]
[Date "2019.08.08"]
[Round "7"]
[White "Heidarsson, Arnar Milutin"]
[Black "Martirosyan, Ara"]
[Result "1/2-1/2"]
[WhiteElo "1705"]
[BlackElo "1921"]
[PlyCount "58"]
[EventDate "2019.08.02"]
[EventType "swiss"]
[EventRounds "9"]
[EventCountry "SVK"]
[SourceTitle "CBM 191 Extra"]
[Source "ChessBase"]
[SourceDate "2019.09.30"]
[SourceVersion "1"]
[SourceVersionDate "2019.09.30"]
[SourceQuality "1"]

1. d4 Nf6 2. Nf3 d5 3. c4 e6 4. Nc3 dxc4 5. e3 Be7 6. Bxc4 0-0 7. 0-0 a6 8. Bd2 c5 9. dxc5 Bxc5 10. Rc1 Qe7 11. Qe2 b5 12. Bd3 Bb7 13. Rfd1 Rd8 14. h3 Nbd7 15. e4 h6 16. Bb1 e5 17. Be3 Rac8 18. Bxc5 Rxc5 19. Nd2 Nf8 20. Nb3 Rcc8 21. Rxd8 Rxd8 22. Rd1 Ne6 23. Rxd8+ Qxd8 24. f3 b4 25. Na4 Bc6 26. Nac5 Nxc5 27. Nxc5 Qd4+ 28. Qf2 Qd1+ 29. Qf1 Qd4+ 1/2-1/2